| 000 | 00466nam a2200193Ia 4500 | ||
|---|---|---|---|
| 003 | BUBTL | ||
| 008 | 151213s9999 xx 000 0 und d | ||
| 082 | _b621.3822CAD | ||
| 100 | _aCavicchi, T.J. | ||
| 245 |
_aDigital signal processing _cCavicchi, T.J. |
||
| 260 |
_aNew York _bJohn Wiley _c2000 |
||
| 300 | _a1816 p. | ||
| 650 | _aComputer | ||
| 650 | _aComputer | ||
| 700 | _aCavicchi, T.J. | ||
| 856 |
_k0 _l0 _yDownload |
||
| 942 |
_2ddc _cBK |
||
| 999 |
_c1335 _d1335 |
||